| 000 | 00991cam a22002777a 4500 | ||
|---|---|---|---|
| 001 | 14678695 | ||
| 005 | 20140330092255.0 | ||
| 008 | 061222t2007 xxka frb 001 0 eng d | ||
| 020 | _a9780470032558 (hbk.) | ||
| 020 | _a0470032553 (hbk.) | ||
| 035 | _a(OCoLC)ocm73952876 | ||
| 035 | _a(OCoLC)73952876 | ||
| 040 |
_aUKM _cUKM _dBAKER _dYDXCP _dDLC |
||
| 082 | 0 | 4 |
_a621.3824 _222 _bULT |
| 245 | 0 | 0 |
_aUltra-wideband : _bantennas and propagation for communications radar and imaging / _cedited by Ben Allen ... [et al.] |
| 260 |
_aChichester, United Kingdom : _bJohn Wiley & Sons, Ltd., _cc.2007. |
||
| 300 |
_axxxi, 475 p. : _bill. ; _c25 cm. |
||
| 500 | _aIndex : p. 471-475. | ||
| 504 | _aIncludes bibliographical references. | ||
| 650 | 0 |
_aUltra-wideband antennas. _98877 |
|
| 650 | 0 |
_aBroadband communication systems _923337 |
|
| 653 |
_bENGELC _cMarch2014 |
||
| 655 |
_vreading book _934232 |
||
| 700 |
_aAllen, Ben _q(Benjamin Hugh) _98879 _eeditor. |
||
| 942 |
_2ddc _cBB _k621.3824 ULT |
||
| 999 |
_c12794 _d12794 |
||